| 000 | 00411cam a2200145 a 4500 | ||
|---|---|---|---|
| 001 | 000008315 | ||
| 005 | 20200929161327.0 | ||
| 008 | 860327s1964 pr 000 0 spa d | ||
| 040 |
_aDO-SdBNP _bspa _dBNPHU |
||
| 082 |
_axx _bxx |
||
| 100 | 1 |
_aDíaz Montero, Anibal. _99833 |
|
| 245 | 1 | 0 |
_aCerro y llanura : _bcuentos / _cAnibal Díaz Montero. |
| 260 |
_aSan Juan : _b[M. Pareja], _c1964. |
||
| 300 |
_a118 p. ; _c20 cm. |
||
| 999 |
_c8086 _d8086 |
||